| 000 | 00550cam a22002051 4500 | ||
|---|---|---|---|
| 001 | f 01000791 | ||
| 003 | DLC | ||
| 005 | 20260227111238.0 | ||
| 008 | 890323s1900 fr 000 0 fre | ||
| 010 | _af 01000791 | ||
| 035 | _a(OCoLC)23422092 | ||
| 040 |
_aDLC _cMiU _dDLC |
||
| 042 | _apremarc | ||
| 050 | 0 | 0 |
_aZ701 _b.Y97 |
| 100 | 2 | _aYve-Plessis, Robert. | |
| 245 | 0 | 0 | _aPetit essai de biblio-thérapeutique; |
| 260 |
_aParis, _bH. Daragon, _c1900. |
||
| 300 |
_a2 p.l., 95 p., 2 l. _c18 cm. |
||
| 650 | 0 |
_aBooks _xConservation and restoration |
|
| 999 |
_c22480 _d22480 |
||